000 00490nam a2200181Ia 4500
005 20250508150751.0
008 008 250505s9999 xx 000 0 eng d
037 _aTextual
040 _aFEDL
_beng
_cFEDL
041 _aeng
_2eng
084 _a744.4, JOH
_qFEDL
100 _aJohnson William H
_990782
245 0 _aModern drafting
260 _aNew York, USA
_bThe Macmillan Company
_c1944
300 _a195p.
942 _cTEXL
_h744.4, JOH
999 _c1325551
_d1325551